Analýza marketingového prostredia spoločnosti LYKOTEX, s. r. o bakalárska práca

Uložené v:
Podrobná bibliografia
Hlavný autor: Pališinová, Anna
Korporativný autor: Podnikovohospodárska fakulta EU so sídlom v Košiciach. Katedra ekonómie
Ďalší autori: Lacko, Roman, 1988-
Médium: Kniha
Jazyk:Slovak
Vydavateľské údaje: Košice 2018
Tagy: Pridať tag
Žiadne tagy, Buďte prvý, kto otaguje tento záznam!

MARC

LEADER 00000nbm a2200000 4500
001 0247208
005 20240827091942.5
041 0 |a slo 
044 |a SK 
245 1 0 |a Analýza marketingového prostredia spoločnosti LYKOTEX, s. r. o  |b bakalárska práca  |c Anna Pališinová ; školiteľ: Roman Lacko 
264 1 |a Košice  |c 2018 
300 |a 47 s. 
100 1 |a Pališinová, Anna 
700 1 |a Lacko, Roman, 1988- 
710 2 |a Podnikovohospodárska fakulta EU so sídlom v Košiciach. Katedra ekonómie